Antenna : theory and practice (Record no. 175327)

000 -LEADER
fixed length control field 00348nam a2200121Ia 4500
008 - FIXED-LENGTH DATA ELEMENTS--GENERAL INFORMATION
fixed length control field 220217s9999||||xx |||||||||||||| ||und||
082 ## - DEWEY DECIMAL CLASSIFICATION NUMBER
Classification number 621.382 4 CHA
100 ## - MAIN ENTRY--PERSONAL NAME
Personal name Chaterjee, Rajeswari
245 #0 - TITLE STATEMENT
Title Antenna : theory and practice
260 ## - PUBLICATION, DISTRIBUTION, ETC.
Place of publication, distribution, etc. New age international private, Ltd.
Name of publisher, distributor, etc. Bangalore
Date of publication, distribution, etc. 1997
300 ## - PHYSICAL DESCRIPTION
Other physical details 200
650 ## - SUBJECT ADDED ENTRY--TOPICAL TERM
Topical term or geographic name entry element ANTENNAS
9 (RLIN) 151
Holdings
Withdrawn status Lost status Damaged status Not for loan Collection code Home library Current library Shelving location Date acquired Full call number Barcode Date last seen Price effective from Koha item type
        Electronics and Communication Engineering Central Library Central Library Reference 02/18/2022 621.382 4 CHA 10516 02/18/2022 02/18/2022 Books

Powered by Koha